000 00402nam a22001697a 4500
003 MPLRDC
005 20220104113702.0
008 210129b ||||| |||| 00| 0 eng d
082 _a857.621 NK-20 v.2
100 _a倪匡著
245 _a血战黑龙党
_c
260 _a
_b环球出版社
_c
300 _b
490 _a女黑侠木兰花故事;2
650 _a
942 _cBK
_o857.621 NK-20 v.2
999 _c1552
_d1542